| 000 | 00837nam a2200289 a 4500 | ||
|---|---|---|---|
| 003 | AR-BaBNM | ||
| 005 | 20251128210340.0 | ||
| 008 | 082120s2002 ||||||||||||||000 | spa|| | ||
| 020 | _a968-23-1662-6 | ||
| 040 | _cAR-BaBNM | ||
| 100 | 1 | _aKline, Morris | |
| 245 | 0 | 0 |
_aEl fracaso de la matemática moderna _b¿por qué Juanito no sabe sumar? |
| 250 | _a15ª ed. | ||
| 260 |
_aMéxico, D.F. _bSiglo Veintiuno _c1994 |
||
| 300 |
_a197 p. _btablas |
||
| 490 | 0 | _aEducación | |
| 504 | _aContiene bibliografía p. 196-197 | ||
| 650 | 4 | _aENSEÑANZA DE LAS MATEMATICAS | |
| 650 | 4 | _aMETODOS DE ENSEÑANZA | |
| 650 | 4 | _aMATEMATICA MODERNA | |
| 650 | 4 | _aSOLUCION DE PROBLEMAS | |
| 650 | 4 | _aCONCEPTOS MATEMATICOS | |
| 653 | _aCONTENIDOS CURRICULARES | ||
| 700 | 1 |
_aGarma, Santiago _etraductor |
|
| 942 | _cBK | ||
| 998 | _cRaquel | ||
| 999 |
_c15076 _d15076 |
||